Statistics for Somalia Country Quiz

Click here to take the quiz!

General Stats

  • This quiz has been taken 6,572 times
    (6,494 since last reset)
  • The average score is 12 of 15

Answer Stats

Question Answer % Correct
Which three countries does Somalia border?Ethiopia
97%
On what major peninsula is Somalia located?{Horn} of Africa
97%
Which three countries does Somalia border?Kenya
95%
Which three countries does Somalia border?Djibouti
93%
Which European country colonized the southern 3/4 of Somalia?Italy
92%
What crime did Somalia become famous for in the 21st century? hint: "Captain Phillips"Piracy
92%
What is the capital of Somalia?Mogadishu
90%
What desert animal is thought to have been domesticated in the region
of Somalia sometime around 3000 B.C.?
Camel
88%
What are the two official languages of Somalia?Arabic
87%
What is the currency of Somalia? hint: a former British coinShilling
78%
To the nearest whole number, what percentage of Somalis are not Muslim?0%
74%
Which ocean gulf is located between Somalia and Yemen?Gulf of {Aden}
70%
What are the two official languages of Somalia?Somali
65%
What Somali-born supermodel married David Bowie in 1992?Iman
38%
What ancient kingdom around northern Somalia was an essential
trading partner of ancient Egypt?
Land of {Punt}
18%

Score Distribution

Percentile by Number Answered

Percent of People with Each Score

Your Score History

You have not taken this quiz since the last reset